| 000 | 00862nas a2200265 4500 | ||
|---|---|---|---|
| 001 | BR0808545 | ||
| 003 | BR-BrBNA | ||
| 005 | 20231205112854.0 | ||
| 007 | ta | ||
| 008 | 230509b bl.|||p| |||| 00| 00por d | ||
| 040 |
_aBR-BrBNA _bpor _cBiblioteca Nacional de Agricultura |
||
| 041 | _a(Pt) | ||
| 072 | _aL10 | ||
| 100 | 1 | _aBignardi, A.B. | |
| 100 | 1 | _aFaro, L.E. | |
| 100 | 1 | _aAlbuquerque, L.G. de | |
| 100 | 1 | _aCardoso, V.L. | |
| 100 | 1 | _aMachado, P.F. | |
| 245 | 1 | _aModelos de dimensão finita para a estimação de parâmetros genéticos para a produção de leite de primeiras lactações de vacas da raça Holandesa | |
| 650 | _aVACA | ||
| 650 | _aSELEÇÃO GENÉTICA | ||
| 773 | 0 |
_tCiência Rural (Brazil) _xISSN 0103-8478 _g(Sep 2008), v. 38(6) p. 1705-1710 _wBR0808545 |
|
| 909 |
_a202311 _bLúcia _c55 _dLúcia Elande |
||
| 942 |
_2AGRIS _n0 _cANA |
||
| 999 |
_c200504 _d200504 |
||